Bakat dan kemahiran memimpin

Bibliographic Details
Main Author: Ainon Mohd
Other Authors: Abdullah Hassan
Format: Book
Published: Kuala Lumpur : PTS Publishing and Distributors Snd. Bhd. , 2001
Series:Siri Kepimpinan
Subjects:

MARC

LEADER 00000cam a2200000 7i4500
001 0000063932
005 20030311.0
020 |a 9832311675 
090 0 0 |a 658.4092   |b AIN 
100 0 |a Ainon Mohd 
245 1 0 |a Bakat dan kemahiran memimpin   |c Ainon Mohd. & Abdullah Hassan 
260 |a Kuala Lumpur :   |b PTS Publishing and Distributors Snd. Bhd. ,   |c 2001 
300 |a 149p. ;   |c 21cm. 
490 0 |a Siri Kepimpinan 
650 0 0 |a Leadership 
650 0 0 |a Management 
700 0 |a Abdullah Hassan 
999 |a 00145833   |b BUKU   |c PINJAMAN   |e PERPUSTAKAAN KOMUNITI PETALING JAYA